000 00925nam a2200301 i 4500
003 EG-GICUC
005 20260428114626.0
008 260428s1983 -uk ||fr|||| 001 0 eng d
020 _a0710094418
040 _aEG-GiCUC
_beng
_cEG-GiCUC
_dEG-GiCUC
_erda
041 0 _aeng
082 0 4 _221
_a343.769
_bCA . W
092 0 4 _221
099 _aLaw1 10 343.769 CA . W 1983
100 1 _aCarlen, Pat
_eAuthor.
245 1 0 _aWomen's Imprisonment A Study In Social Control /
_cPat Carlen.
264 1 _aLondon :
_bRoutledge & Kegan Paul,
_c1983.
300 _a248 pages,
_c22 cm
336 _2rda content
_atext
337 _2rda media
_aComputer
338 _2rda carrier
_aOnline Resource
504 _aBibliography: pages 240-245 and index.
546 _aText in English
650 1 4 _aCriminal law
856 4 0 _uhttps://fll.law.cu.edu.eg/fulltext/bks/B10-11585.pdf
905 _a48
942 _2ddc
_cBK
_e21
_n0
999 _c73856
_d73856